01475nam a2200385 i 450000100060000000300080000600500170001400600190003100700150005000800410006502000280010603500220013404000310015605000220018708000200020908200120022924501260024126400470036730000410041433600290045533700330048433800430051758800830056059001620064365000220080565000300082765000260085765000140088365000340089765500270093170000330095879700180099185600630100999900170107267519FINmELB20241217142821.0m o u cr cn|||||||||220726s2018 ag o 000 1 spa d a9789875064980q(e-book) a(OCoLC)1342052071 aFINmELBbspaerdacFINmELB14aPQ7751bC691 2018 a821.134.2(82)-104a86122300aColección de poesías patrióticas (inédito de 1826) /cedición, estudio preliminar y notas de Pedro Luis Barcia. 1aBuenos Aires :bEditorial Docencia,c2018. a1 recurso en línea (373 páginas) atextobtxt2rdamedia/spa acomputadorabc2rdamedia/spa arecurso en líneabcr2rdacarrier/spa aDescripción basada en metadatos suministrados por el editor y otras fuentes. aRecurso electrónico. Santa Fe, Arg.: elibro, 2022. Disponible vía World Wide Web. El acceso puede estar limitado para las bibliotecas afiliadas a elibro. 0aArgentine poetry. 0aPatriotism in literature. 4aLiteratura argentina. 4aPoesía. 4aPatriotismo en la literatura. 4aLibros electrónicos.1 aBarcia, Pedro Luis,eeditor.2 aelibro, Corp.40uhttps://elibro.net/ereader/politecnicointernacional/204460 c67519d67519